[Event "Stockholm"]
[Site "Stockholm"]
[Date "1990.??.??"]
[Round "?"]
[White "Shirov, Alexei"]
[Black "Wedberg, Tom Birger"]
[Result "1-0"]
[WhiteElo "2580"]
[BlackElo "2480"]
[Annotator "Ftacnik,L"]
[PlyCount "73"]
[EventDate "1990.??.??"]
[EventType "tourn"]
[EventRounds "9"]
[EventCountry "SWE"]
[EventCategory "11"]
[SourceTitle "CBM 022"]
[Source "ChessBase"]
[SourceDate "1991.06.01"]
[SourceVersion "1"]
[SourceVersionDate "1991.06.01"]
[SourceQuality "1"]

1. d4 Nf6 2. c4 e6 3. Nc3 d5 4. cxd5 exd5 5. Bg5 Be7 6. e3 Nbd7 7. Bd3 O-O 8.
Nge2 Re8 9. Qc2 c6 10. O-O-O Qa5 11. Kb1 b5 12. Ng3 Nf8 $6 (12... h6 13. h4 Nb6
14. Bxf6 Bxf6 15. Nf5 Bxf5 16. Bxf5 Nc4 17. Ne2 $10 {Miles,A-Morovic,I/Tunis
izt/1985/}) 13. Nce2 $1 Qb6 14. Rc1 Bd7 15. Nf5 Bd8 (15... Bxf5 16. Bxf5 g6 17.
Bh3 Ne4 18. Bxe7 Rxe7 19. Nf4 $16) 16. Neg3 a5 17. Bxf6 Bxf6 18. Nh5 Qd8 (18...
Bxf5 19. Nxf6+ gxf6 20. Bxf5 Ra6 21. h4 $16) 19. Nd6 Re6 20. Nb7 $1 Qc7 21. Nc5
Rd6 22. Nxf6+ Rxf6 23. f3 Be8 24. e4 Rf4 25. Qd2 dxe4 26. fxe4 Rh4 27. g3 Rh6
28. e5 Rd8 (28... Ne6 29. Bxb5 $1) 29. Qe3 Ne6 30. Bxb5 Nxd4 31. Bc4 Bd7 $1 32.
a3 Bf5+ 33. Ka2 Be6 34. Nxe6 fxe6 (34... Nxe6 $5 $14) 35. Rhf1 c5 (35... Rxh2
$2 36. Qxd4 $1 $18) 36. Rf2 Rh5 $2 37. Qxd4 $1 {Ftacnik,L} 1-0

[Event "EU-chT (Men) 16th"]
[Site "Heraklion"]
[Date "2007.10.28"]
[Round "1.1"]
[White "Mamedyarov, Shakhriyar"]
[Black "Gurevich, Mikhail"]
[Result "1-0"]
[WhiteElo "2752"]
[BlackElo "2627"]
[Annotator "Ftacnik,L"]
[PlyCount "61"]
[EventDate "2007.10.28"]
[EventType "team-swiss"]
[EventRounds "9"]
[EventCountry "GRE"]
[SourceTitle "CBM 121"]
[Source "ChessBase"]
[SourceDate "2007.11.14"]
[SourceVersion "1"]
[SourceVersionDate "2007.11.14"]
[SourceQuality "1"]
[WhiteTeam "Azerbaijan"]
[BlackTeam "Turkey"]
[WhiteTeamCountry "AZE"]
[BlackTeamCountry "TUR"]

1. d4 d5 2. c4 c6 3. Nc3 Nf6 4. Nf3 e6 5. Bg5 Be7 6. e3 Nbd7 7. Qc2 O-O 8. cxd5
exd5 9. Bd3 Re8 10. O-O Nf8 11. Rae1 {White is refraining from the plans that
are connected with the minority pawn attack on the queenside. The task is now
to win in the centre and on the kingside.} Be6 12. Ne5 N6d7 13. Bxe7 Rxe7 14.
f4 f6 15. Nf3 Nb6 16. f5 Bf7 17. g4 h6 (17... Qd6 {Black can choose to ignore
the danger of opening up the kingside, since the insertion of the moves h6 and
h4 only heightens the stakes.} 18. e4 (18. Nh4 Rae8 19. Ng2 Nc4 20. Nd1 Nd7 21.
b3 Na3 22. Qb2 Qb4 $11 {1-0 Razuvaev,Y (2535)-Beliavsky,A (2585)/Sochi 1986 
(47)}) 18... dxe4 19. Nxe4 Qc7 20. g5 Nd5 21. Bc4 Kh8 22. gxf6 gxf6 23. Qd2 (
23. Qc1 $1) 23... Ne3 $1 24. Rxe3 Bxc4 25. Rfe1 {1-0 Jussupow,A (2600)-Spassky,
B (2590)/Montpellier 1985 (33)}) 18. h4 (18. Nh4 Qd6 19. Ng2 Rae8 20. Qf2 Nbd7
21. Re2 a6 22. Nf4 b5 23. h4 b4 24. Nd1 c5 $132 {1/2 Agrest,E (2601)-Asrian,K 
(2605)/Tripoli 2004 (49)}) 18... Qd6 19. Qg2 Rae8 20. e4 {[%mdl 4] Technically
speaking this move is new; 20.Qf2 was once played between amateurs and is not
really relevant.} (20. Qf2) 20... dxe4 (20... Nfd7 $5 21. g5 Kh8 22. g6 Bg8 $13
) 21. Nxe4 Qd8 $2 {This passive retreat makes the situation worse. From the
d5-square the queen would at least exercise pressure against the knight on e4.}
(21... Qd5 22. g5 (22. Nxf6+ gxf6 23. Rxe7 Rxe7 24. g5 fxg5 25. hxg5 Bh5 26.
gxh6+ Kh8 $15) 22... fxg5 $1 (22... hxg5 $2 23. Nxf6+ $1 gxf6 24. Rxe7 Rxe7 25.
hxg5 fxg5 26. Qxg5+ Ng6 27. Qg3 $1 Re3 28. fxg6 Be6 29. Bc2 $16) (22... Rxe4 $2
23. gxf6 g6 24. fxg6 Nxg6 25. Bxe4 Rxe4 26. h5 $1 Rxe1 27. Rxe1 Qxh5 28. Re5 $1
$18) 23. hxg5 hxg5 (23... Rxe4 24. Bxe4 (24. gxh6 g6 25. Rxe4 Rxe4 26. b3 $13)
24... Rxe4 25. g6 Bxg6 (25... Be8 $6 26. Rxe4 Qxe4 27. Re1 $16) 26. fxg6 Rf4
$13) 24. Nc3 (24. f6 Rxe4) (24. Nfxg5 Qxd4+ 25. Kh1 Qxd3 26. Nf6+ gxf6 27. Ne6+
Ng6 $19) 24... Qd6 $11) 22. g5 fxg5 23. hxg5 hxg5 24. Qxg5 (24. Nexg5 $2 Rxe1
25. Rxe1 Rxe1+ 26. Nxe1 Qxd4+ $17) 24... Nh7 25. Qh4 Nd7 {The position is not
yet critical, but it is certainly dangerous for Black. White will attempt to
break through on the h-file.} (25... Nf6 26. Kf2 (26. Rf2 Bxa2 (26... Nxe4 27.
Bxe4 Qd6 28. f6 $1 $16) (26... Bd5 $6 27. Rh2 Kf8 28. Qh8+ Bg8 29. Rg2 $16) 27.
Nfg5 Rxe4 28. Nxe4 Nxe4 29. Qxd8 Rxd8 30. Rxe4 Kf7 $14) (26. Nxf6+ gxf6 27.
Rxe7 Rxe7 (27... Qxe7 $2 28. Ne5 $1 Bd5 29. Rf4 $18) 28. Kf2 (28. Ne5 Bd5 $11)
28... Bd5 29. Rg1+ Rg7 30. Rg6 $14) 26... Nh5 $5 27. Rg1 Nd5 $13) 26. Kf2 $1
Ndf6 27. Nxf6+ Nxf6 28. Rh1 Kf8 {Unfortunately for the defender, the ideas
with closing the access along the h-file are doomed to failure.} (28... Bh5 29.
Bc4+ Kf8 30. Ne5 Rxe5 (30... Ng4+ 31. Qxg4 $1 Rxe5 32. Rxh5 $18) 31. dxe5 Ng4+
(31... Qd2+ 32. Kg3 b5 33. Qf4 $18) 32. Kg3 $18) (28... Nh5 29. Re6 $1 Rxe6 30.
Qxd8 Rxd8 (30... Re2+ 31. Bxe2 Rxd8 32. Ne5 Nf6 33. Rh8+ Kxh8 34. Nxf7+ $18)
31. fxe6 Be8 32. e7 Rd7 33. Bc4+ $16) 29. Qh8+ Bg8 (29... Ng8 30. Reg1 Bxa2 (
30... Bd5 31. Ng5 g6 32. Nh7+ Rxh7 33. Rxh7 $18) 31. f6 gxf6 32. Rh6 Rc7 33.
Rhg6 $18) 30. Rhg1 Qd6 $2 {The final blunder in a critical position; Gurevich
had to play with the utmost care in order to survive.} (30... Rf7 31. Rxe8+
Kxe8 (31... Nxe8 32. Bc4 $18) (31... Qxe8 32. Bc4 Nd5 33. Bxd5 cxd5 34. Nh4 $1
Rc7 35. Ng6+ Kf7 36. Ne5+ Kf8 37. f6 Qd8 38. Rg6 $18) 32. Rxg7 Rxg7 33. Qxg7
Qe7 34. Qg3 $16) (30... Qd7 31. Re6 $1 Rxe6 32. fxe6 Rxe6 (32... Qc7 $2 33. Bf5
$18) 33. Bf5 Ne4+ 34. Ke3 $1 (34. Kg2 $2 Rg6+ $1 35. Bxg6 Qg4+ 36. Kh2 Qf4+ $17
) (34. Kf1 $2 Qf7 $1 35. Bxe4 Rh6 $1 $19) 34... Nd6+ (34... Ng5+ 35. Bxe6 Qxe6+
36. Ne5 Qh6 37. Rf1+ $16) 35. Bxe6 Qxe6+ 36. Ne5 Ne8 37. Qh2 $16) 31. Re6 $1 (
31. Re6 $1 Qd5 32. Rxf6+ gxf6 33. Qh6+ $18) 1-0

[Event "Tilburg"]
[Site "Tilburg"]
[Date "1993.??.??"]
[Round "2"]
[White "Bareev, Evgeny"]
[Black "Vladimirov, Yevgeniy"]
[Result "1-0"]
[WhiteElo "2660"]
[BlackElo "2585"]
[Annotator "Ftacnik,L"]
[PlyCount "63"]
[EventDate "1993.11.??"]
[EventType "k.o."]
[EventRounds "7"]
[EventCountry "NED"]
[SourceTitle "CBM 039"]
[Source "ChessBase"]
[SourceDate "1994.04.01"]
[SourceVersion "1"]
[SourceVersionDate "1994.04.01"]
[SourceQuality "1"]

1. d4 Nf6 2. c4 e6 3. Nc3 d5 4. cxd5 exd5 5. Bg5 Be7 6. e3 Nbd7 7. Bd3 c6 8.
Qc2 Nh5 9. Bxe7 Qxe7 10. Nge2 g6 11. O-O-O (11. g4 Ng7 12. O-O-O Nb6 13. Rhg1
Be6 14. Nf4 O-O-O 15. Kb1 Kb8 16. Nce2 Bc8 17. g5 Nf5 18. Qc5 Qc7 19. Ka1 h6
20. Bxf5 Bxf5 21. h4 hxg5 22. hxg5 Rh2 23. Rdf1 Nc4 24. Qb4 {Raicevic,
V-Trifunovic,M/Belgrade GMA-op/1988/0-1 (44)}) 11... Nb6 12. Kb1 (12. Ng3 Nf6
13. Rhe1 Be6 14. f3 O-O-O 15. Kb1 Ne8 16. Nge2 Kb8 17. Nc1 Nd6 18. Nb3 Rhe8 19.
Qf2 f5 {Sadler,M-Crouch,C/Hastings Challenger/1991/0.5 (20)}) 12... Be6 13. h3
O-O-O 14. Na4 Nf6 (14... Nxa4 15. Qxa4 Kb8 16. Rc1 $14) 15. Nc5 $1 Nfd7 16. Nb3
Kb8 (16... f5 17. Rhe1 Kb8 18. f3 {/\ g4}) 17. a3 Rc8 18. Rc1 Nc4 19. Nf4 Nd6 (
19... g5 20. Nxe6 Qxe6 21. Bxc4 dxc4 22. Qxc4 $16) 20. g4 Rc7 (20... g5 $5 21.
Nh5 h6 $14) 21. Rhe1 b6 22. f3 Qf6 (22... Rhc8 23. e4 $16) 23. Qh2 Rd8 24. e4
$1 dxe4 25. fxe4 Bxb3 26. e5 Qg7 (26... Qe7 27. Nxg6 hxg6 28. exd6 $18) 27.
exd6 Rb7 28. Ne2 (28. Ba6 $18) 28... Nf8 29. Rxc6 Rbd7 30. Ba6 Ne6 31. Rec1 Qf8
32. Qg2 {/\ Rc7} 1-0

[Event "Interzonal-16"]
[Site "Biel"]
[Date "1993.??.??"]
[Round "6"]
[White "Akopian, Vladimir Eduardovic"]
[Black "Ivanchuk, Vassily"]
[Result "1/2-1/2"]
[WhiteElo "2600"]
[BlackElo "2705"]
[Annotator "Ftacnik,L"]
[PlyCount "68"]
[EventDate "1993.07.16"]
[EventType "swiss"]
[EventRounds "13"]
[EventCountry "SUI"]
[SourceTitle "CBM 037"]
[Source "ChessBase"]
[SourceDate "1993.12.01"]
[SourceVersion "1"]
[SourceVersionDate "1993.12.01"]
[SourceQuality "1"]

1. d4 Nf6 2. c4 e6 3. Nf3 d5 4. Nc3 Nbd7 5. cxd5 exd5 6. Bg5 c6 7. e3 Be7 8.
Qc2 O-O 9. Bd3 Re8 10. O-O Nf8 11. h3 g6 12. Rab1 a5 $5 (12... Ne6) 13. a3 Ne6
14. Bh6 Bd6 15. Rfe1 Kh8 16. e4 Bf4 17. Ne5 Kg8 18. Bxf4 Nxf4 19. Rbd1 Nxd3 20.
Qxd3 Be6 21. exd5 (21. f3 $142 $14 {Akopian,V}) 21... Bxd5 22. Ng4 Nxg4 23.
hxg4 Qd6 $10 24. Re3 Qf4 25. Nxd5 cxd5 26. Rf3 Qxg4 27. Qb5 Qe6 28. Rc1 Rac8
29. Rxc8 Qxc8 30. Qxd5 Re1+ 31. Kh2 Qc7+ 32. g3 Re2 33. b4 axb4 34. axb4 Re7
1/2-1/2

[Event "Olympiad-31"]
[Site "Moscow"]
[Date "1994.12.04"]
[Round "4.1"]
[White "Ftacnik, Lubomir"]
[Black "Ivanchuk, Vassily"]
[Result "1/2-1/2"]
[WhiteElo "2570"]
[BlackElo "2695"]
[Annotator "Ftacnik,L"]
[PlyCount "74"]
[EventDate "1994.12.01"]
[EventType "team-swiss"]
[EventRounds "14"]
[EventCountry "RUS"]
[SourceTitle "CBM 045"]
[Source "ChessBase"]
[SourceDate "1995.04.01"]
[SourceVersion "1"]
[SourceVersionDate "1995.04.01"]
[SourceQuality "1"]
[WhiteTeam "Slovakia"]
[BlackTeam "Ukraine"]
[WhiteTeamCountry "SVK"]
[BlackTeamCountry "UKR"]

1. d4 Nf6 2. c4 e6 3. Nf3 d5 4. Nc3 Nbd7 5. cxd5 exd5 6. Bg5 Be7 7. e3 O-O 8.
Bd3 Re8 9. O-O c6 10. Qc2 Nf8 11. Rab1 g6 12. b4 Ne6 13. Bh4 a6 14. a4 Ng7 15.
b5 axb5 16. axb5 Bf5 17. bxc6 (17. h3 Bxd3 18. Qxd3 Nf5 19. Bxf6 Bxf6 20. Ra1
Nd6 21. Nd2 Bg7 22. bxc6 $10 {Sokolov,I-Van der Sterren,P/Amsterdam OHRA-B/
1988/1-0 (40)}) 17... bxc6 18. Ne5 Rc8 (18... Bxd3 19. Qxd3 c5 $2 20. Nc6 Qd6
21. Nxe7+ Rxe7 22. Bxf6 Qxf6 23. Nxd5 $18) 19. Rb7 Qd6 (19... Bxd3 20. Qxd3 c5
$2 21. Rxe7 $1 Qxe7 22. Nxd5 $18) 20. Rfb1 (20. Ra1 Bxd3 21. Qxd3 Nf5 (21... c5
22. Bxf6 Bxf6 23. Nxf7 Qc6 24. Rba7 cxd4 25. Nh6+ Kh8 26. Nf7+ Kg8 $10) (21...
Rc7 $2 22. Rxc7 Qxc7 23. Ra6 $16) 22. Bxf6 Qxf6 23. Raa7 Qe6 $14) 20... Bxd3
21. Qxd3 Nf5 (21... c5 22. R1b6 $18) 22. Bxf6 Bxf6 $1 (22... Qxf6 23. R1b6 Nd6
24. Ra7 Ra8 25. Rxa8 Rxa8 26. Nxc6 $16) 23. f4 (23. Nxf7 Qe6 24. Na4 Re7 25.
Rxe7 Qxe7 26. Ne5 Bxe5 27. dxe5 Qxe5 $10) (23. Rxf7 Bxe5 24. dxe5 Qxe5 25. Rbb7
Ne7 26. Rf4 c5 $13) 23... Qe6 (23... Bxe5 $6 24. fxe5 Qe6 25. e4 $1) 24. e4
dxe4 (24... Nd6 25. exd5 cxd5 26. R7b6 $14) 25. Nxe4 Be7 (25... Bg7 26. Ng5 Qd5
27. Rd7 $16) 26. Ng3 Nd6 (26... Nxg3 27. hxg3 f6 28. Nxg6 $1 hxg6 29. Qxg6+ $10
) 27. R7b6 Qd5 28. Rc1 (28. Ne2 c5 29. dxc5 Qxc5+ $15) 28... c5 29. dxc5 Rxc5
30. Re1 $1 (30. Qxd5 Rxd5 31. Nf3 Nf5 $15) 30... Bf8 (30... Qxd3 31. Nxd3 Rd5
32. Nb4 Rd2 33. Nc6 $10) 31. Qxd5 (31. Rbb1 $4 Rxe5 $1 $19) 31... Rxd5 32. Rbb1
Rd4 (32... Bg7 33. Rbd1 Rxd1 34. Rxd1 $10 Bxe5 35. fxe5 Nc4 $15) 33. f5 $1 (33.
Ne2 Re4 34. Nc3 (34. Rbd1 Nb5 $17) 34... Rxf4 35. Nd5 Rf5 36. Nd7 Rxe1+ (36...
Rd8 $5) 37. Rxe1 Kg7 $15) 33... Nxf5 (33... gxf5 34. Nf3 Rxe1+ 35. Rxe1 Rd5 36.
Nh5 $15) 34. Nxf5 gxf5 35. Nf3 Rde4 36. Kf1 Kg7 37. Rb5 Rxe1+ (37... Kg6 38.
Nh4+ Kg5 39. Rxf5+ Kxh4 40. Rxe4+ Rxe4 41. Rxf7 Bd6 42. Rxh7+ $10) (37... Kf6
38. Rc1 $132) 1/2-1/2

[Event "Buenos Aires Najdorf"]
[Site "Buenos Aires"]
[Date "1993.??.??"]
[Round "10"]
[White "Shirov, Alexei"]
[Black "Milos, Gilberto"]
[Result "1-0"]
[WhiteElo "2670"]
[BlackElo "2560"]
[Annotator "Ftacnik,L"]
[PlyCount "73"]
[EventDate "1993.04.??"]
[EventType "tourn"]
[EventRounds "11"]
[EventCountry "ARG"]
[EventCategory "13"]
[SourceTitle "CBM 035"]
[Source "ChessBase"]
[SourceDate "1993.08.01"]
[SourceVersion "1"]
[SourceVersionDate "1993.08.01"]
[SourceQuality "1"]

1. d4 Nf6 2. c4 e6 3. Nc3 d5 4. cxd5 exd5 5. Bg5 Be7 6. e3 O-O 7. Bd3 Nbd7 8.
Qc2 Re8 9. Nge2 c6 10. O-O-O Nf8 (10... Qa5 11. Kb1 b5 12. Ng3 Nf8 13. Nce2 Qb6
14. Rc1 Bd7 15. Nf5 Bd8 16. Neg3 a5 17. Bxf6 Bxf6 18. Nh5 Qd8 19. Nd6 Re6 20.
Nb7 Qc7 21. Nc5 Rd6 22. Nxf6+ Rxf6 23. f3 Be8 24. e4 $16 {Shirov,A-Wedberg,T/
Stockholm/1990/}) 11. Kb1 (11. h3 a5 (11... N6d7 12. Bxe7 Qxe7 13. g4 Nb6 14.
Ng3 Be6 15. Kb1 Nc8 16. f4 Nd6 17. f5 Bd7 18. e4 dxe4 19. Ncxe4 Nxe4 20. Nxe4
Qb4 21. Rhe1 b5 22. Qf2 Rad8 23. Bc2 Bc8 24. Bb3 $16 {Smyslov,V-Campora,D/
Buenos Aires (08)/1990/}) 12. g4 b5 13. Ng3 (13. Nf4 a4 14. Bxf6 Bxf6 15. Bf5
Qa5 16. Nce2 b4 17. Qc5 Qa6 18. Qxb4 Bxf5 19. gxf5 Rab8 20. Qa3 c5 21. Kb1 Nd7
22. Nc3 Nb6 23. Nfxd5 Nc4 24. Qxa4 $13 {Hermannsson,T-Thorsteinsson,T/
Reykjavik op/1988/}) 13... Be6 (13... g6 14. Kb1 Bd7 15. f4 a4 16. Qf2 b4 17.
Nce2 c5 18. dxc5 Bxc5 19. Nd4 Kg7 20. f5 h6 21. fxg6 fxg6 22. Bh4 Bxd4 23. exd4
g5 24. Rhf1 $40 {Hjartarson,J-Levitan,J/Philadelphia World op (1)/1991/}) 14.
Nf5 Bxf5 15. gxf5 N8d7 16. Rhg1 Kh8 17. f3 b4 18. Na4 h6 19. h4 c5 20. Qg2 Rg8
21. Nxc5 Nxc5 22. dxc5 Bxc5 23. Kb1 Qb6 24. Rge1 $36 {Bareev,E-Grosar,A/
Vidmar-mem/1989/}) 11... a5 12. f3 b5 13. Bxf6 (13. Ng3 a4 14. Nce2 Bd7 15. Nf5
Bxf5 16. Bxf5 g6 17. Bd3 Rc8 18. Nf4 N6d7 19. Bh6 Bg5 20. Bxg5 Qxg5 21. h4 Qf6
22. g4 Nb6 23. g5 Qd6 24. Rde1 $14 {Greenfeld,A-King,D/Budapest Perenyi/1989/})
13... Bxf6 14. e4 a4 $5 (14... dxe4 15. fxe4 Bxd4 16. Bxb5 cxb5 17. Nxd4 Bg4
18. Rd2 b4 19. Nc6 Qb6 20. Nd5 Qb7 21. Qc5 Rxe4 22. Nde7+ Kh8 23. Qd5 Rf4 24.
Ne5 $36 {Hodgson,JM-Thipsay,P/Kuala Lumpur op (04)/1992/}) 15. exd5 b4 16. Nxa4
(16. Ne4 cxd5 17. Nxf6+ Qxf6 $17) 16... cxd5 17. Rhe1 (17. Nc5 Qa5 18. b3 $13)
17... g6 18. Qb3 (18. Nc5 Qa5 19. b3 Bg7 20. Rc1 Ne6 $13) 18... Qa5 19. Nc5 Re3
(19... Bxd4 20. Nxd4 Rxe1 21. Rxe1 Qxc5 22. Nc2 Rb8 23. a3 $14) 20. Rc1 Bf5 $1
(20... Bxd4 21. Nxd4 Rxe1 22. Rxe1 Qxc5) 21. Ng3 (21. g4 Rxd3 22. Nxd3 Bxd3+
23. Qxd3 Qxa2+ 24. Kc2 Ne6 25. Rb1 Rc8+ 26. Kd2 Rc4 $40) 21... Bxd3+ 22. Nxd3
Rxd3 23. Qxd3 Qxa2+ 24. Kc2 Bg5 25. Rb1 Ra3 (25... Ne6 26. Ne2 Ra3 27. Ra1 b3+
28. Kc3 Bd8 29. Kb4 (29. Rxa2 Ba5#) 29... Qxb2 30. Rxa3 Be7+ 31. Kb5 Qxa3 32.
Qc3 Qa8 $40) 26. Ra1 Qxb2+ $2 (26... b3+ $1 27. Kc3 Bd8 $1 28. Kb4 (28. Qd1
Ba5+ 29. Kd3 Qxb2 30. Rxa3 Qxa3 31. Qa1 Qb4 32. Re2 Ne6 $40) (28. Qe2 Ba5+ 29.
Kd3 Bxe1 30. Rxe1 Ra7 $17) 28... Ba5+ 29. Kb5 Qxb2 30. Reb1 Qc2 31. Qxc2 bxc2
32. Rc1 Rxa1 33. Rxa1 Bd2 34. Ne2 Ne6 $10) 27. Kxb2 Rxd3 28. Rad1 $16 Rc3 29.
Re5 Ne6 30. Rxd5 Re3 31. Re5 Rxe5 32. dxe5 Bf4 33. Rd5 Nc7 34. Ra5 Kf8 35. Nf1
Ke7 36. g3 Bh6 37. f4 1-0

[Event "Cebu"]
[Site "Cebu"]
[Date "1992.??.??"]
[Round "1"]
[White "Murshed, Niaz"]
[Black "Nadera, Barlo A"]
[Result "1-0"]
[WhiteElo "2505"]
[BlackElo "2390"]
[Annotator "Ftacnik,L"]
[PlyCount "87"]
[EventDate "1992.05.??"]
[EventType "tourn"]
[EventRounds "9"]
[EventCountry "PHI"]
[EventCategory "10"]
[SourceTitle "CBM 031"]
[Source "ChessBase"]
[SourceDate "1992.12.01"]
[SourceVersion "1"]
[SourceVersionDate "1992.12.01"]
[SourceQuality "1"]

1. d4 Nf6 2. c4 e6 3. Nc3 d5 4. cxd5 exd5 5. Bg5 Be7 6. e3 c6 7. Bd3 O-O 8. Qc2
Re8 9. Nf3 Nbd7 10. O-O Nf8 11. Rae1 Ng6 12. Ne5 Nd7 (12... Nxe5 13. dxe5 Ng4
14. Bxe7 Qxe7 15. f4 Qh4 16. h3 Nxe3 17. Rxe3 d4 18. Re4 dxc3 19. f5 Qg5 20. e6
fxe6 21. f6 Rd8 (21... Qc5+ 22. Kh1 gxf6 23. Rxf6 e5 24. Bc4+ Kh8 25. Rh4 {
1-0/Popov-Losev/URS-ch otbor/1976/}) 22. Rg4 Qe3+ 23. Kh1 Qxd3 24. f7+ Kf8 25.
Qxd3 Rxd3 26. Rxg7 {1-0/Lakic,N-Gliksman,D/Jugoslavija/1976/}) (12... Ng4 13.
Bxe7 Qxe7 14. f4 (14. Nxg4 Bxg4 15. f3 Bd7 16. e4 Qb4 17. Qf2 Nf4 18. a3 Nxd3
19. axb4 Nxf2 20. Kxf2 dxe4 21. fxe4 a5 $10 {Bagirov,V-Zilberstein,V/URS-ch/
1972/}) 14... N4xe5 15. fxe5 Be6 16. Rf3 c5 17. Ref1 a6 18. Qf2 b5 $132 {
Toefferl,H-Krnjovsek,A/Bled op/1992/}) 13. Bxe7 Rxe7 14. f4 Ngf8 (14... Ndxe5
15. fxe5 Be6 16. Rf3 $14) 15. e4 dxe4 (15... f6 16. Nxd7 Qxd7 17. exd5 cxd5 18.
Nxd5 $1 $16) 16. Nxe4 Nb6 (16... f6 $2 17. Bc4+ Ne6 18. Nxd7 Qxd7 19. f5 $18)
17. Ng5 g6 (17... Qxd4+ 18. Kh1 g6 19. Nxc6 $18) 18. f5 $1 Qxd4+ 19. Kh1 Bxf5 (
19... Rxe5 20. Nf3 $18) (19... gxf5 20. Nxc6 bxc6 21. Rxe7 Qf6 22. Re3 $18) 20.
Qb3 (20. Bxf5 Rxe5 21. Nf3 $140 Rxe1 $1) (20. Nxc6 $2 Rxe1 21. Nxd4 Rxf1+ 22.
Bxf1 Bxc2 $19) 20... Nd5 $6 (20... Rxe5 21. Qxf7+ Kh8 22. Qf6+ Kg8 23. Nf7 h5
24. Nxe5 Bxd3 25. Qf7+ Kh8 26. Nxd3 Qxd3 27. Re7 $18) (20... Bxd3 21. Nxd3 (21.
Nexf7 Rxe1 (21... Bc4 $2 22. Rxe7 $1 Bxb3 23. Nh6+ Kh8 24. Rxf8+ Rxf8 25. Rxh7#
) 22. Rxe1 Bc4 $13) 21... Rxe1 (21... Rae8 22. Nxf7 Rxe1 23. Nxe1 $40) 22.
Qxf7+ Kh8 23. Nxe1 $40) (20... Qd5 $5 21. Bxf5 Qxb3 22. axb3 gxf5 23. Rxf5 Ng6
24. Ngxf7 $13) 21. Bxf5 gxf5 (21... Rxe5 22. Rxe5 Qxe5 23. Qxb7 $1 $16) 22.
Ngxf7 Qh4 (22... Rxf7 23. Nxf7 Kxf7 24. Qxb7+ $18) 23. Nd6 Qf6 24. Nxf5 $1 Rxe5
25. Qg3+ Ng6 $8 26. Nh6+ Kg7 27. Rxf6 Rxe1+ 28. Qxe1 Kxf6 29. h4 $1 Rf8 30.
Ng4+ Kg7 31. h5 Rf4 (31... Ngf4 32. Qe5+ Kf7 33. Nh6#) 32. Qe2 (32. hxg6 Rxg4
33. gxh7 Kxh7 $16) 32... Nge7 33. Qe5+ Kf8 (33... Kf7 34. Nh6+ Ke8 35. Qb8+ Kd7
36. Qxb7+ $18) 34. Qh8+ Kf7 35. Qxh7+ Ke6 36. Qh6+ Kd7 37. Qg5 Rf5 38. Qh4 Nf4
39. Nf6+ Ke6 40. Ne8 $1 Rf8 (40... Nxh5 41. g4 Rf8 42. Qxh5 $18) 41. Ng7+ Kd6
42. Qg4 Ned5 43. g3 Ne3 44. Qf3 {Ftacnik,L} 1-0

[Event "Lyon zt"]
[Site "Lyon"]
[Date "1990.??.??"]
[Round "1"]
[White "Brenninkmeijer, Joris"]
[Black "Van der Sterren, Paul"]
[Result "1-0"]
[WhiteElo "2475"]
[BlackElo "2515"]
[Annotator "Ftacnik,L"]
[PlyCount "85"]
[EventDate "1990.04.??"]
[EventType "tourn"]
[EventRounds "13"]
[EventCountry "FRA"]
[EventCategory "8"]
[SourceTitle "CBM 018"]
[Source "ChessBase"]
[SourceDate "1990.10.01"]
[SourceVersion "1"]
[SourceVersionDate "1990.10.01"]
[SourceQuality "1"]

1. d4 d5 2. c4 e6 3. Nc3 Nf6 4. cxd5 exd5 5. Bg5 Be7 6. e3 O-O 7. Bd3 Nbd7 8.
Nge2 c6 9. Qc2 Re8 10. O-O Nf8 11. Rae1 Be6 12. f3 N6d7 13. Bxe7 Qxe7 14. Nf4 (
14. e4 dxe4 15. fxe4 Ng6) 14... Qd6 15. Qf2 Nb6 16. a3 Bd7 17. Re2 c5 $6 18.
dxc5 Qxc5 19. Rd1 {x d5} Bc6 20. Bb1 Rad8 21. Ba2 Rd7 22. Nd3 Qe7 23. Nb4 Qc5
24. Nd3 Qe7 25. Nb4 Qc5 26. Bb3 Nc4 $2 (26... Ne6 $14) 27. e4 $1 Qxf2+ 28. Kxf2
d4 29. Nxc6 dxc3 30. Rxd7 Nxd7 31. Bxc4 bxc6 (31... cxb2 32. Rxb2 bxc6 33. Rb7
Ne5 34. Ba2 $18) 32. bxc3 Rb8 33. Rd2 Ne5 34. Ba2 g5 35. Ke3 Kf8 (35... Rb6 36.
a4 Ra6 37. Rd4 c5 38. Rd5 Rxa4 39. Bb3 $1 Ra3 40. Rxe5 Rxb3 41. Rxg5+ Kf8 42.
Rxc5 $18) 36. g3 Ke7 37. f4 gxf4+ 38. gxf4 Ng6 39. a4 a5 40. e5 Nh4 41. Ke4 Rg8
42. Rb2 f5+ $2 43. exf6+ {Ftacnik,L} 1-0

[Event "Sochi-A"]
[Site "Sochi"]
[Date "1989.??.??"]
[Round "?"]
[White "Lautier, Joel"]
[Black "Geller, Efim P"]
[Result "1-0"]
[WhiteElo "2465"]
[BlackElo "2505"]
[Annotator "Ftacnik,L"]
[PlyCount "53"]
[EventDate "1989.01.??"]
[EventType "tourn"]
[EventRounds "15"]
[EventCountry "URS"]
[EventCategory "10"]
[SourceTitle "CBM 016"]
[Source "ChessBase"]
[SourceDate "1990.06.01"]
[SourceVersion "1"]
[SourceVersionDate "1990.06.01"]
[SourceQuality "1"]

1. d4 d5 2. c4 e6 3. Nc3 Be7 4. Nf3 Nf6 5. cxd5 exd5 6. Bg5 c6 7. Qc2 Na6 8. a3
g6 9. e4 {N} (9. e3 Bf5 10. Bd3 Bxd3 11. Qxd3 Nc7 12. O-O Ne6 13. Bh4 O-O $10 {
Portisch,L-Jusupov,A/Rotterdam WCup/1989/ -> CBM 13}) 9... Nxe4 10. Nxe4 Bf5 $6
(10... Nc7 $5 11. h4 dxe4 12. Qxe4 Nd5 13. Bc4 Bf5 14. Qe2 O-O 15. O-O $10) 11.
Bxa6 Bxe4 12. Qc3 bxa6 $6 (12... Bxf3 13. Bxb7 Bxg5 14. Bxc6+ (14. Qxc6+ Kf8
15. Bxa8 Bxg2 16. Rg1 Qe7+ 17. Kd1 Qe4 $1 $132) 14... Kf8 15. Qxf3 Qe7+ $14)
13. Qxc6+ Kf8 14. Bxe7+ Kxe7 $6 (14... Qxe7 $5 15. Qxa8+ Kg7 16. Qc6 Rc8 17.
Qxc8 Bf5+ 18. Ne5 Bxc8 19. O-O $14) 15. Ne5 Rc8 16. Rc1 $1 f6 17. Qb7+ Ke6 18.
Rxc8 Qxc8 19. Qf7+ Kf5 20. O-O Rf8 21. Qg7 Bxg2 22. Kxg2 fxe5 23. Qxe5+ Kg4 24.
Re1 Rf5 25. Qe7 Rg5 26. Kh1 Qf5 27. Rg1+ {Ftacnik} 1-0